000 00335 a2200157 4500
001 62306
020 _a8574162213
040 _cAnchieta - Pituba
100 _aMunduruku, Daniel
240 1 0 _aCrônicas de São Paulo
_lpor
245 1 0 _aCrônicas de São Paulo
300 _a63
362 0 _a2006
650 4 _aBrasil
942 _cBK
999 _c62306
_d62306